LIBRARY & INFORMATION CENTRE, KCAET, TAVANUR

ONLINE PUBLIC ACCESS CATALOGUE (OPAC)

Development and testing of a modified arecanut harvester - cum- sprayer (Record no. 14940)

MARC details
000 -LEADER
fixed length control field 00664nam a22001817a 4500
003 - CONTROL NUMBER IDENTIFIER
control field OSt
088 ## - REPORT NUMBER
Report number P 86
100 ## - MAIN ENTRY--AUTHOR NAME
Personal name KINGSLING DAS J
245 ## - TITLE STATEMENT
Title Development and testing of a modified arecanut harvester - cum- sprayer
260 ## - PUBLICATION, DISTRIBUTION, ETC. (IMPRINT)
Place of publication Tavanur 1998
Name of publisher Department of Farm Power Machinery and Energy
300 ## - PHYSICAL DESCRIPTION
Number of Pages 90
500 ## - GENERAL NOTE
General note Development and testing of a modified arecanut harvester - cum- sprayer
520 ## - SUMMARY, ETC.
Summary, etc Development and testing of a modified arecanut harvester - cum- sprayer
700 ## - ADDED ENTRY--PERSONAL NAME
Personal name Er. Jayan P.R (Guide)
856 ## - ELECTRONIC LOCATION AND ACCESS
Uniform Resource Identifier https://drive.google.com/open?id=1QH7tyJcFh1ZsqjO51-jy0g_sKFXXC4L6
942 ## - ADDED ENTRY ELEMENTS (KOHA)
Koha item type Project Report
Holdings
Collection code Home library Current library Shelving location Full call number Accession Number Koha item type
Reference KAUAET KAUAET Reference 631.3 DAS/DE P 86 Project Report
free website counter